000 00314nam a2200109 4500
999 _c14071
_d14071
008 190731b ||||| |||| 00| 0 eng d
245 _aNew world bank chief says urgent to focus on poverty.
260 _aPhilippines:
_bManila Bulletin;
_cc2019.
300 _apage 2.
650 0 _939079
_aPoverty.
942 _2ddc
_cPER